Quiz 20 chef-lieu aléatoires - Statistiques

Statistiques générales
  • Ce quiz a été pris 75 fois
  • Le résultat moyen est 16 sur 20
Statistiques - réponses
Département Chef Lieu % Correct
Alpes-Maritimes Nice
100%
Ardèche Privas
100%
Côte-d'Or Dijon
100%
Gironde Bordeaux
100%
Haute-Garonne Toulouse
100%
Hérault Montpellier
100%
Indre Châteauroux
100%
Isère Grenoble
100%
La Réunion Saint-Denis
100%
Loire-Atlantique Nantes
100%
Maine-et-Loire Angers
100%
Martinique Fort-de-France
100%
Paris Paris
100%
Pas-de-Calais Arras
100%
Puy-de-Dôme Clermont-Ferrand
100%
Rhône Lyon
100%
Yvelines Versailles
100%
Ille-et-Vilaine Rennes
93%
Bouches-du-Rhône Marseille
92%
Calvados Caen
92%
Essonne Evry
92%
Finistère Quimper
92%
Haute-Corse Bastia
92%
Sarthe Le Mans
92%
Charente-Maritime La Rochelle
91%
Pyrénées-Orientales Perpignan
91%
Somme Amiens
91%
Bas-Rhin Strasbourg
90%
Lozère Mende
90%
Meurthe-et-Moselle Nancy
90%
Nord Lille
90%
Oise Beauvais
90%
Doubs Besançon
89%
Moselle Metz
89%
Corse-du-Sud Ajaccio
88%
Côtes d'Armor Saint-Brieuc
88%
Drôme Valence
88%
Haut-Rhin Colmar
88%
Var Toulon
88%
Aude Carcassonne
87%
Cantal Aurillac
86%
Eure Evreux
86%
Eure-et-Loir Chartres
86%
Hautes-Alpes Gap
86%
Haute-Savoie Annecy
86%
Savoie Chambéry
86%
Vaucluse Avignon
86%
Guadeloupe Basse-Terre
85%
Aube Troyes
83%
Guyane Cayenne
83%
Indre-et-Loire Tours
83%
Mayotte Mamoudzou
83%
Morbihan Vannes
83%
Tarn Albi
83%
Loiret Orléans
82%
Lot-et-Garonne Agen
82%
Orne Alençon
82%
Saône-et-Loire Mâcon
82%
Vendée La Roche-sur-Yon
82%
Loire St-Étienne
80%
Loir-et-Cher Blois
80%
Tarn-et-Garonne Montauban
80%
Val-de-Marne Créteil
80%
Ardennes Charleville-Mézières
79%
Ariège Foix
78%
Aveyron Rodez
78%
Dordogne Périgueux
78%
Haute-Vienne Limoges
78%
Nièvre Nevers
78%
Yonne Auxerre
78%
Ain Bourg-en-Bresse
75%
Cher Bourges
75%
Gers Auch
75%
Haute-Marne Chaumont
75%
Jura Lons-le-Saunier
75%
Lot Cahors
75%
Manche St-Lô
75%
Val-D'Oise Pontoise
75%
Vienne Poitiers
75%
Creuse Guéret
73%
Charente Angoulême
71%
Seine-et-Marne Melun
69%
Territoire de Belfort Belfort
69%
Vosges Épinal
69%
Haute-Saône Vesoul
67%
Marne Châlons-sur-Marne
67%
Mayenne Laval
67%
Seine-Maritime Rouen
67%
Gard Nîmes
64%
Landes Mont-de-Marsan
64%
Meuse Bar-le-Duc
64%
Allier Moulin
63%
Corrèze Tulle
63%
Aisne Laon
60%
Alpes-de-Haute-Provence Digne
60%
Deux-Sèvres Niort
60%
Haute-Loire Le Puy
60%
Hauts-de-Seine Nanterre
60%
Pyrénées-Atlantiques Pau
57%
Hautes-Pyrénées Tarbes
50%
Bobigny
0%
Aucun quiz correspondant
Distribution des résultats
% des personnes avec chaque résultat
Percentile par nombre de réponses
Votre historique - résultats
Vous n’avez pas pris ce quiz